Entrevista sobre el siglo XXI / (Record no. 16719)

MARC details
000 -LEADER
campo de control de longitud fija 00935nam a2200265 i 4500
001 - NÚMERO DE CONTROL
campo de control 16719
003 - IDENTIFICADOR DE NÚMERO DE CONTROL
campo de control ES-MaACL
005 - FECHA Y HORA DE LA ÚLTIMA TRANSACCIÓN
campo de control 20250718234741.0
007 - CAMPO FIJO DE DESCRIPCIÓN FÍSICA--INFORMACIÓN GENERAL
campo de control de longitud fija t|
008 - DATOS DE LONGITUD FIJA--INFORMACIÓN GENERAL
campo de control de longitud fija 001026s2000 sp ||||1| spa d
020 ## - NÚMERO INTERNACIONAL ESTÁNDAR DEL LIBRO
Número Internacional Estándar del Libro 84-8432-051-0
080 ## - NÚMERO DE LA CLASIFICACIÓN DECIMAL UNIVERSAL
Número de la Clasificación Decimal Universal 929 Hobsbawm, E.J.(049.3)
100 1# - ENTRADA PRINCIPAL--NOMBRE DE PERSONA
Nombre de persona Hobsbawm, E. J. (
Fechas asociadas al nombre 1917-2012)
9 (RLIN) 63862
245 10 - MENCIÓN DEL TÍTULO
Título Entrevista sobre el siglo XXI /
Mención de responsabilidad, etc. Eric Hobsbawm ; al cuidado de Antonio Polito ; prólogo de Josep Fontana ; traducción castellana de Gonzalo Pontón.
260 ## - PUBLICACIÓN, DISTRIBUCIÓN, ETC.
Lugar de publicación, distribución, etc. Barcelona :
Nombre del editor, distribuidor, etc. Crítica,
Fecha de publicación, distribución, etc. [2000]
300 ## - DESCRIPCIÓN FÍSICA
Extensión 220 p. ;
Dimensiones 23 cm.
490 1# - MENCIÓN DE SERIE
Mención de serie Biblioteca Eric Hobsbawm
600 14 - PUNTO DE ACCESO ADICIONAL DE MATERIA--NOMBRE DE PERSONA
Nombre de persona Hobsbawm, E. J. (
Fechas asociadas al nombre 1917-2012)
9 (RLIN) 63862
700 1# - ENTRADA AGREGADA--NOMBRE PERSONAL
Nombre de persona Polito, Antonio.
9 (RLIN) 92834
700 1# - ENTRADA AGREGADA--NOMBRE PERSONAL
Nombre de persona Fontana, Josep,
Fechas asociadas al nombre 1931-2018
9 (RLIN) 51600
700 1# - ENTRADA AGREGADA--NOMBRE PERSONAL
Nombre de persona Pontón, Gonzalo.
9 (RLIN) 93064
830 0# - PUNTO DE ACCESO ADICIONAL DE SERIE-TÍTULO UNIFORME
Título uniforme Biblioteca Eric Hobsbawm
9 (RLIN) 183044
852 ## - LOCALIZACIÓN
Ubicación ES-MaACL
Número de control de estantería L-23872
Sublocalización o colección R.128652
Holdings
Estatus retirado Estado de pérdida Estado de daño No para préstamo Biblioteca de origen Biblioteca actual Ubicación en estantería Fecha de adquisición Fuente de adquisición Total de préstamos Signatura topográfica completa Código de barras Visto por última vez Precio de reemplazo Tipo de ítem Koha
        Biblioteca del Ateneo de Madrid Biblioteca del Ateneo de Madrid Depósito 2 17/01/2008     L-23872 1016981 23/02/2023 23/02/2023 Libro impreso